Belgium FIFA World Cup XIs - Statistics

General Stats
  • This quiz has been taken 82 times
  • The average score is 12 of 117
Answer Stats
Answer % Correct
Thibaut Courtois
90%
Romelu Lukaku
84%
Kevin De Bruyne
82%
Eden Hazard
76%
Dries Mertens
45%
Toby Alderweireld
30%
Jan Vertonghen
28%
Vincent Kompany
28%
Axel Witsel
27%
Thomas Meunier
25%
Marouane Fellaini
24%
Divock Origi
21%
Daniel Van Buyten
19%
Nacer Chadli
19%
Yannick Carrasco
19%
Michy Batshuayi
18%
Marc Wilmots
16%
Jan Ceulemans
15%
Enzo Scifo
13%
Jean-Marie Pfaff
13%
Michel Preud'homme
13%
Timothy Castagne
13%
Franky Van der Elst
12%
Luc Nilis
12%
Marc Degryse
12%
Paul Van Himst
12%
Leander Dendoncker
10%
Timmy Simons
10%
Georges Grün
9%
Philippe Albert
9%
Philippe Clement
9%
Gert Verheyen
7%
Lei Clijsters
7%
Bart Goor
6%
Éric Deflandre
6%
Eric Gerets
6%
Erwin Vandenbergh
6%
Filip De Wilde
6%
Geert De Vlieger
6%
Georges Heylens
6%
Glen De Boeck
6%
Gordan Vidović
6%
Lorenzo Staelens
6%
Luis Oliveira
6%
Nico Claesen
6%
Nico Van Kerckhoven
6%
Vital Borkelmans
6%
Wilfried Van Moer
6%
Alfons Van Brandt
4%
Bernard Voorhoof
4%
Bruno Versavel
4%
Christian Piot
4%
Franky Vercauteren
4%
Guy Vandersmissen
4%
Jacky Peeters
4%
Jean Capelle
4%
Jean Dockx
4%
Jean Thissen
4%
Johan Walem
4%
Joseph Mermans
4%
Josip Weber
4%
Léon Semmeling
4%
Louis Carré
4%
Luc Millecamps
4%
Ludo Coeck
4%
Marc Emmers
4%
Michel De Wolf
4%
Michel Renquin
4%
Patrick Vervoort
4%
Raoul Lambert
4%
Raymond Braine
4%
Rudi Smidts
4%
Stéphane Demol
4%
Walter Meeuws
4%
Wilfried Puis
4%
Albert Heremans
3%
Alfons De Winter
3%
André Vandewyer
3%
Arnold Badjou
3%
August Hellemans
3%
Charles Vanden Wouwer
3%
Constant Huysmans
3%
Constant Joacim
3%
Corneel Seys
3%
Denis Houf
3%
Émile Stijnen
3%
Félix Welkenhuysen
3%
Ferdinand Adams
3%
Fernand Buyle
3%
François Devries
3%
Gérard Delbeke
3%
Hendrik Isemborghs
3%
Henri Coppens
3%
Henri De Deken
3%
Jacques Moeschal
3%
Jan Diddens
3%
Jean Claessens
3%
John Van Alphen
3%
Laurent Grimmonprez
3%
Léon Jeck
3%
Léopold Gernaey
3%
Louis Versyp
3%
Marc Baecke
3%
Marcel Dries
3%
Nic Hoydonckx
3%
Philibert Smellinckx
3%
Pierre Braine
3%
Pieter van den Bosch
3%
Robert Paverick
3%
Theodore Nouwens
3%
Victor Mees
3%
Yves Vanderhaeghe
3%
Alexandre Czerniatynski
1%
Daniel Veyt
1%
Frans Peeraer
1%
Léopold Anoul
1%
Nicolas Dewalque
1%
No matching quizzes found
Score Distribution
Percent of People with Each Score
Percentile by Number Answered
Your Score History
You have not taken this quiz